| 000 | 01301nam a2200337 a 4500 | ||
|---|---|---|---|
| 001 | 000083377 | ||
| 005 | 20200120224822.0 | ||
| 008 | 170814s2016 ck ||||gr|||||000|| spa|d | ||
| 020 | _a9789586654098 | ||
| 041 | 0 | _aspa | |
| 043 | _as-ck--- | ||
| 082 | 0 | 4 |
_a305.5633 _bP27re _221 |
| 100 | 1 | _aPérez-Victoria, Silva | |
| 245 | 1 | 0 |
_aEl retorno de los campesinos : _bUna oportunidad para nuestra supervivencia / _cSilva Pérez-Victoria; traductora del francés: Griselda Piñero. |
| 250 | _a1a. ed. | ||
| 260 |
_aBogotá : _bSiglo del Hombre Editores, _c2016. |
||
| 300 | _a207 páginas. | ||
| 490 | 0 | _aPlan Nacional de Lectura y Escritura Leer es mi Cuento / Ministerio de Cultura | |
| 500 |
_aEdición especial. Colección de actualización bibliográfica para la Res de Bibliotecas Públicas del Ministerio de Cultura, Plan Nacional de Lectura y Escritura Leer es mi Cuento, 2016. _aIncluye bibliografía |
||
| 502 | _aTesis | ||
| 504 | _aReferencias bibliográficas : p. | ||
| 506 | 0 | _aGeneral | |
| 534 | _tLes paysans sont de retour | ||
| 650 | 1 | 4 | _aCampesinos |
| 650 | 1 | 4 | _aSociología rural |
| 650 | 1 | 4 | _aTenencia de la tierra |
| 650 | 1 | 4 | _aComercio agrícola |
| 650 | 1 | 4 | _aSeguridad alimenticia |
| 650 | 1 | 4 | _aMovimientos campesinos |
| 700 | 1 |
_aPiñero, Griselda _etraductora |
|
| 999 |
_c11247 _d11247 |
||